000 00646nam a2200205Ia 4500
003 SISC
005 20160820104054.0
008 140609s9999 xx 000 0 und d
020 _a9780080969534
050 _aGT 3405
_b.G48 2012
100 _aGetz, Donald.
245 _aEvent studies :
_btheory, research and policy for planned events /
_cDonald Getz.
250 _a2nd edition.
260 _aLondon ; New York :
_bRoutledge,
_c2012.
300 _a442 pages :
_bill. (some col.) ;
_c25 cm.
500 _aIncludes bibliographical references and index.
650 _aSpecial events
_xManagement.
942 _kFOR
_cBK
_2lcc
999 _c118215
_d118215